Statystyki dla Symbole Pieniędzy

Kliknij tutaj aby rozwiązać quiz!

Ogólne statystyki

  • Ten quiz został rozwiązany 36 razy
  • Średni wynik to 7 z 14

Statystyki odpowiedzi

SymbolWaluta% Poprawnych
$Dolar
94%
Euro
94%
Złoty
94%
£{Funt} Szterlinga
87%
¥Jen
68%
{Rupii} Indyjska
45%
Kryptowaluta
42%
Rubl
42%
Peso
39%
Wona
29%
лвLew
19%
Lira
16%
Rial
13%
¤Ogólny symbol waluty
3%

Rozkład punktacji

Percentyl według liczby udzielonych odpowiedzi

Procent ludzi z każdym wynikiem

Twoja historia wyników

Nie rozwiązałeś tego quizu